A Course in Electrical Technology (Record no. 2347)

MARC details
000 -LEADER
Fixed length control field 00443nam a2200169 4500
003 - CONTROL NUMBER IDENTIFIER
Control field SEACOMEC
005 - DATE AND TIME OF LATEST TRANSACTION
Control field 20250805150028.0
008 - FIXED-LENGTH DATA ELEMENTS--GENERAL INFORMATION
Fixed length control field 250805b |||||||| |||| 00| 0 eng d
020 ## - INTERNATIONAL STANDARD BOOK NUMBER / ISBN
International Standard Book Number 9350144158
Price 375
040 ## - CATALOGING SOURCE
Original cataloging agency SEACOMEC
082 ## - DEWEY DECIMAL CLASSIFICATION NUMBER
Classification number 621.3
Book Number G977
100 ## - MAIN ENTRY--PERSONAL NAME
Personal name J.B Gupta
245 ## - TITLE STATEMENT
Title A Course in Electrical Technology
Sub title Basic Electrical Engineering
Statement of responsibility Gupta, J.B
250 ## - EDITION STATEMENT
Edition statement 12th ed.
260 ## - IMPRINT
Place of publication Delhi
Name of publisher Kataria
Date of publication 2008
942 ## - ADDED ENTRY ELEMENTS (KOHA)
Koha item type Books
Holdings
Withdrawn status Lost status Source of classification Damaged status Not for loan Home library Current library Date acquired Total Checkouts Call number Accession number Date last seen Price effective from Koha item type Copy number
    Dewey Decimal Classification     SEACOM ENGINEERING COLLEGE SEACOM ENGINEERING COLLEGE 05/08/2025   621.3 G977 18468 05/08/2025 05/08/2025 Books  
    Dewey Decimal Classification     SEACOM ENGINEERING COLLEGE SEACOM ENGINEERING COLLEGE 05/08/2025   621.3 G977 18469 05/08/2025 05/08/2025 Books 1
    Dewey Decimal Classification     SEACOM ENGINEERING COLLEGE SEACOM ENGINEERING COLLEGE 05/08/2025   621.3 G977 18470 05/08/2025 05/08/2025 Books 2
    Dewey Decimal Classification     SEACOM ENGINEERING COLLEGE SEACOM ENGINEERING COLLEGE 05/08/2025   621.3 G977 18471 05/08/2025 05/08/2025 Books 3
    Dewey Decimal Classification     SEACOM ENGINEERING COLLEGE SEACOM ENGINEERING COLLEGE 05/08/2025   621.3 G977 18472 05/08/2025 05/08/2025 Books 4
    Dewey Decimal Classification     SEACOM ENGINEERING COLLEGE SEACOM ENGINEERING COLLEGE 05/08/2025   621.3 G977 18473 05/08/2025 05/08/2025 Books 5
    Dewey Decimal Classification     SEACOM ENGINEERING COLLEGE SEACOM ENGINEERING COLLEGE 05/08/2025   621.3 G977 18474 05/08/2025 05/08/2025 Books 6
    Dewey Decimal Classification     SEACOM ENGINEERING COLLEGE SEACOM ENGINEERING COLLEGE 05/08/2025   621.3 G977 18475 05/08/2025 05/08/2025 Books 7
    Dewey Decimal Classification     SEACOM ENGINEERING COLLEGE SEACOM ENGINEERING COLLEGE 05/08/2025   621.3 G977 18476 05/08/2025 05/08/2025 Books 8
    Dewey Decimal Classification     SEACOM ENGINEERING COLLEGE SEACOM ENGINEERING COLLEGE 05/08/2025   621.3 G977 18477 05/08/2025 05/08/2025 Books 9
    Dewey Decimal Classification     SEACOM ENGINEERING COLLEGE SEACOM ENGINEERING COLLEGE 05/08/2025   621.3 G977 18478 05/08/2025 05/08/2025 Books 10
    Dewey Decimal Classification     SEACOM ENGINEERING COLLEGE SEACOM ENGINEERING COLLEGE 05/08/2025   621.3 G977 18479 05/08/2025 05/08/2025 Books 11
    Dewey Decimal Classification     SEACOM ENGINEERING COLLEGE SEACOM ENGINEERING COLLEGE 05/08/2025   621.3 G977 18480 05/08/2025 05/08/2025 Books 12
    Dewey Decimal Classification     SEACOM ENGINEERING COLLEGE SEACOM ENGINEERING COLLEGE 05/08/2025   621.3 G977 18481 05/08/2025 05/08/2025 Books 13
    Dewey Decimal Classification     SEACOM ENGINEERING COLLEGE SEACOM ENGINEERING COLLEGE 05/08/2025   621.3 G977 18482 05/08/2025 05/08/2025 Books 14
© Seacom Engineering College, All rights reserved.      Powered by Koha